[Event "Perak UTP-ch U1800"]
[Site "Perak"]
[Date "2025.06.14"]
[Round "3"]
[White "Shamsul Bahari, Muhd Irsyad"]
[Black "Anuar Batcha, Akmal"]
[Result "1-0"]
[WhiteElo "1619"]
[BlackElo "1515"]
[PlyCount "57"]
[EventDate "2025.06.14"]
[EventType "swiss"]
[EventRounds "7"]
[EventCountry "MAS"]
[SourceTitle "CB25_2025"]
[SourceDate "2025.06.18"]
[SourceVersion "1"]
[SourceVersionDate "2025.06.18"]
[SourceQuality "1"]

1. e4 c5 2. Nc3 Nc6 3. Bb5 d6 4. Bxc6+ bxc6 5. f4 e6 6. Nf3 Be7 7. 0-0 Nf6 8. Kh1 0-0 9. Qe1 Rb8 10. b3 d5 11. Ne5 Bb7 12. Ba3 Nd7 13. Qg3 Nxe5 14. fxe5 Qa5 15. Bc1 d4 16. Ne2 Qd8 17. d3 f6 18. Bh6 Rf7 19. Nf4 Bc8 20. Nh5 Qf8 21. exf6 Bxf6 22. Nxf6+ Rxf6 23. Rxf6 Qxf6 24. Bxg7 Qxg7 25. Qxb8 Qd7 26. Rf1 Qe8 27. Qg3+ Qg6 28. Qd6 Qg7 29. Qd8+ 1-0